Hacia la recuperación de los manglares del Caribe de Colombia / (Registro nro. 2024)
[ vista simple ]
| 000 -CABECERA | |
|---|---|
| Campo de control | 01091cam a22002294a 4500 |
| 005 - FECHA Y HORA DE LA ULTIMA TRANSACCION | |
| Campo de control | 20160217152827.0 |
| 008 - ELEMENTOS DE LONGITUD FIJA—INFORMACION GENERAL | |
| Campo de control | 001027s2000 ck ab f000 0 spa |
| 020 ## - ISBN | |
| ISBN | 9583316849 |
| 040 ## - FUENTE DE CATALOGACIÓN | |
| Agencia catalogadora original | DLC |
| Agencia transcriptora | DLC |
| Agencia Modificadora | DLC |
| -- | CO-BoIAVH |
| 041 0# - IDIOMA | |
| Código de idioma para texto/pista de sonido o título separado | Inglés |
| 044 ## - PAÍS DE PUBLICACIÓN | |
| País de publicación | Colombia |
| 082 04 - NUMERO DE CLASIFICACION DECIMAL DEWEY | |
| Número de clasificación | 577.6981 |
| Número del ítem | H11r |
| 245 00 - MENCION DE TITULO | |
| Título | Hacia la recuperación de los manglares del Caribe de Colombia / |
| Mención de responsabilidad | editado por Heliodoro Sánchez-Páez, Giovanni Andrés Ulloa-Delgado y Ricardo Alvarez-León |
| 260 ## - PUBLICACION, DISTRIBUCION, ETC. (PIE DE IMPRENTA) | |
| Lugar de publicación, distribución, etc. | [Santa Fe de Bogotá, D.C., Colombia] : |
| Nombre del editor, distribuidor, etc. | Ministerio de Medio Ambiente : |
| Lugar de publicación, distribución, etc. | Asociación Colombiana de Reforestadores : |
| Nombre del editor, distribuidor, etc. | Organización Internacional de Maderas Tropicales, |
| Fecha de publicación, distribución, etc. | [2000] |
| 300 ## - DESCRIPCION FISICA | |
| Extensión | 294 páginas : |
| Otros detalles físicos | ilustraciones (algunas a color), mapas (algunos a color) ; |
| Dimensiones | 28 x 22 cm. |
| 650 #6 - ASIENTO SECUNDARIO DE MATERIA - TERMINO TEMATICO | |
| Término temático o nombre geográfico como elemento de entrada | Manglar |
| Subdivisión general | Ecología |
| Subdivisión geográfica | Colombia |
| -- | Costa atlántica. |
| 9 (RLIN) | 60657 |
| 650 #6 - ASIENTO SECUNDARIO DE MATERIA - TERMINO TEMATICO | |
| Término temático o nombre geográfico como elemento de entrada | Manglar |
| Subdivisión general | conservación |
| Subdivisión geográfica | Colombia |
| -- | Costa atlántica. |
| 9 (RLIN) | 60658 |
| 700 1# - ASIENTO SECUNDARIO - NOMBRE PERSONAL | |
| Nombre personal | Sánchez Páez, Heliodoro. |
| Término de relación | editor |
| 9 (RLIN) | 6970 |
| 700 1# - ASIENTO SECUNDARIO - NOMBRE PERSONAL | |
| Nombre personal | Ulloa Delgado, Giovanni Andrés |
| Término de relación | editor |
| 9 (RLIN) | 5171 |
| 700 1# - ASIENTO SECUNDARIO - NOMBRE PERSONAL | |
| Nombre personal | Álvarez-León, Ricardo |
| Término de relación | editor |
| 9 (RLIN) | 1884 |
| 942 ## - ELEMENTOS ADICIONALES (KOHA) | |
| Sistema de clasificación | Dewey Decimal Classification |
| Tipo de ítem | Libro |
| Withdrawn status | Lost status | Sistema de Clasificación | Damaged status | No para préstamo | Colección | Inventariado | Ubicación Permanente | Ubicación actual | Fecha de adquisición | Fuente de Valor | Valor | Total Checkouts | Número topográfico | Inventario / Código de Barras | Date last seen | Ejemplar | Price effective from | Forma de adquisición | Tipo de material |
|---|---|---|---|---|---|---|---|---|---|---|---|---|---|---|---|---|---|---|---|
| Dewey Decimal Classification | General | Inventariado 2017 | Bogotá | Bogotá | 29/01/2001 | Instituto | 39000.00 | LB-577.6981 H11r | 002511 | 04/12/2012 | Ej. 1 | 04/12/2012 | Libro | ||||||
| Dewey Decimal Classification | General | Bogotá | Bogotá | 25/11/2019 | LB-577.6981 H11r | 043825 | 25/11/2019 | Ej.4 | 25/11/2019 | Donación | Libro | ||||||||
| Dewey Decimal Classification | General | Inventariado 2017 | Sala Fabio Quevedo | Sala Fabio Quevedo | 29/01/2001 | Instituto | 39000.00 | LB-577.6981 H11r | 002510 | 04/12/2012 | Ej.2 | 04/12/2012 | Donación | Libro | |||||
| Dewey Decimal Classification | General | Villa de Leyva | Villa de Leyva | 19/05/2003 | LB-01855 | 002512 | 04/12/2012 | Ej.3 | 04/12/2012 | Libro |